Africa since 1800 / (Record no. 14371)

000 -LEADER
fixed length control field 00969pam a2200325 i 4500
001 - CONTROL NUMBER
control field 2773075
005 - DATE AND TIME OF LATEST TRANSACTION
control field 20170105102853.0
008 - FIXED-LENGTH DATA ELEMENTS--GENERAL INFORMATION
fixed length control field 800729s1981 enkb b 001 0 eng
010 ## - LIBRARY OF CONGRESS CONTROL NUMBER
LC control number 80049957
015 ## - NATIONAL BIBLIOGRAPHY NUMBER
National bibliography number GB81
020 ## - INTERNATIONAL STANDARD BOOK NUMBER
International Standard Book Number 0521234859
020 ## - INTERNATIONAL STANDARD BOOK NUMBER
International Standard Book Number 0521299756 (pbk.)
040 ## - CATALOGING SOURCE
Original cataloging agency DLC
Transcribing agency DLC
Modifying agency DLC
043 ## - GEOGRAPHIC AREA CODE
Geographic area code f------
050 00 - LIBRARY OF CONGRESS CALL NUMBER
Classification number DT28
Item number .O4 1981
082 00 - DEWEY DECIMAL CLASSIFICATION NUMBER
Classification number 960.23
Edition number 19
100 1# - MAIN ENTRY--PERSONAL NAME
Personal name Oliver, Roland Anthony.
245 10 - TITLE STATEMENT
Title Africa since 1800 /
Statement of responsibility, etc. Roland Oliver, Anthony Atmore.
250 ## - EDITION STATEMENT
Edition statement 3d ed.
260 ## - PUBLICATION, DISTRIBUTION, ETC.
Place of publication, distribution, etc. Cambridge [Eng.] ;
-- New York :
Name of publisher, distributor, etc. Cambridge University Press,
Date of publication, distribution, etc. 1981.
300 ## - PHYSICAL DESCRIPTION
Extent xii, 372 p. :
Other physical details maps ;
Dimensions 23 cm.
500 ## - GENERAL NOTE
General note Includes index.
504 ## - BIBLIOGRAPHY, ETC. NOTE
Bibliography, etc. note Bibliography: p. 354-357.
651 #0 - SUBJECT ADDED ENTRY--GEOGRAPHIC NAME
Geographic name Africa
General subdivision History
Chronological subdivision 19th century.
651 #0 - SUBJECT ADDED ENTRY--GEOGRAPHIC NAME
Geographic name Africa
General subdivision History
Chronological subdivision 1884-1960.
651 #0 - SUBJECT ADDED ENTRY--GEOGRAPHIC NAME
Geographic name Africa
General subdivision History
Chronological subdivision 1960-
700 1# - ADDED ENTRY--PERSONAL NAME
Personal name Atmore, Anthony,
Relator term joint author.
906 ## - LOCAL DATA ELEMENT F, LDF (RLIN)
a 7
b cbc
c orignew
d 1
e ocip
f 19
g y-gencatlg
942 ## - ADDED ENTRY ELEMENTS (KOHA)
Source of classification or shelving scheme
Koha item type Book
Holdings
Withdrawn status Lost status Damaged status Not for loan Collection code Permanent Location Current Location Shelving location Date acquired Total Checkouts Full call number Barcode Date last seen Price effective from Koha item type
          Centre for International Peace & Stability (CIPS) Centre for International Peace & Stability (CIPS) General Stacks 08/05/2013   960.23 OLI 1992 CIPS0000501 08/22/2013 08/22/2013 Book
© 2023 Central Library, National University of Sciences and Technology. All Rights Reserved.